5HLuxD.jpg

KING HENRY VIII SENIOR AND PRIMARY SCHOOL LIBRARY OPAC

Jordin Sparks : (Record no. 450)

000 -LEADER
fixed length control field 01457cam a2200385 a 4500
001 - CONTROL NUMBER
control field 15788814
003 - CONTROL NUMBER IDENTIFIER
control field OSt
005 - DATE AND TIME OF LATEST TRANSACTION
control field 20190815090206.0
008 - FIXED-LENGTH DATA ELEMENTS--GENERAL INFORMATION
fixed length control field 090624s2010 paua b 001 0beng
010 ## - LIBRARY OF CONGRESS CONTROL NUMBER
LC control number 2009025962
020 ## - INTERNATIONAL STANDARD BOOK NUMBER
International Standard Book Number 9781422216026 (pbk.)
020 ## - INTERNATIONAL STANDARD BOOK NUMBER
International Standard Book Number 1422216020 (pbk.)
035 ## - SYSTEM CONTROL NUMBER
System control number (OCoLC)ocn406169333
040 ## - CATALOGING SOURCE
Original cataloging agency DLC
Transcribing agency DLC
Modifying agency IG#
-- GK8
-- DLC
042 ## - AUTHENTICATION CODE
Authentication code lcac
043 ## - GEOGRAPHIC AREA CODE
Geographic area code n-us---
082 00 - DEWEY DECIMAL CLASSIFICATION NUMBER
Classification number 921 MAR
Edition number 22
100 1# - MAIN ENTRY--PERSONAL NAME
Personal name Marcovitz, Hal.
Relator term author
245 10 - TITLE STATEMENT
Title Jordin Sparks :
Remainder of title American idol superstars /
Statement of responsibility, etc. Hal Marcovitz.
260 ## - PUBLICATION, DISTRIBUTION, ETC.
Place of publication, distribution, etc. Broomall, Pa. :
Name of publisher, distributor, etc. Mason Crest Publishers,
Date of publication, distribution, etc. c2010.
300 ## - PHYSICAL DESCRIPTION
Extent 64 p. :
Other physical details col. ill. ;
Dimensions 24 cm.
490 1# - SERIES STATEMENT
Series statement Dream big
504 ## - BIBLIOGRAPHY, ETC. NOTE
Bibliography, etc. note Includes bibliographical references (p. 61) and index.
505 0# - FORMATTED CONTENTS NOTE
Formatted contents note The look of a superstar -- A new star and a hit show -- Believing in her songs -- No idle time -- Growing into a star.
520 ## - SUMMARY, ETC.
Summary, etc. Biography of Jordan Sparks, who, at seventeen years old, became the youngest American Idol winner in the show's history.
600 10 - SUBJECT ADDED ENTRY--PERSONAL NAME
Personal name Sparks, Jordin
Form subdivision Juvenile literature.
600 11 - SUBJECT ADDED ENTRY--PERSONAL NAME
Personal name Sparks, Jordin.
650 #0 - SUBJECT ADDED ENTRY--TOPICAL TERM
Topical term or geographic name entry element Singers
Geographic subdivision United States
Form subdivision Biography
-- Juvenile literature.
650 #1 - SUBJECT ADDED ENTRY--TOPICAL TERM
Topical term or geographic name entry element Singers.
650 #1 - SUBJECT ADDED ENTRY--TOPICAL TERM
Topical term or geographic name entry element Women
Form subdivision Biography.
830 #0 - SERIES ADDED ENTRY--UNIFORM TITLE
Uniform title Dream big (Mason Crest Publishers)
906 ## - LOCAL DATA ELEMENT F, LDF (RLIN)
a 7
b cbc
c orignew
d 1
e ecip
f 20
g y-gencatlg
942 ## - ADDED ENTRY ELEMENTS (KOHA)
Source of classification or shelving scheme
Koha item type Books - Non Ficton
Holdings
Withdrawn status Lost status Source of classification or shelving scheme Damaged status Not for loan Collection code Permanent Location Current Location Shelving location Date acquired Full call number Barcode Date last seen Price effective from Koha item type
          Non-Fiction KH8 Senior School Library KH8 Senior School Library Non Fiction 2019-08-15 921 MAR 3KHSL000101089 2019-08-15 2019-08-15 Books - Non Ficton

Powered By KH8 IT Dept